[Event "Madrid-ch 2018-2019 - Previa B"]
[Site "Madrid ESP"]
[Date "2019.02.16"]
[Round "7.2"]
[White "Pajuelo Morales, Raul"]
[Black "Vukotic Jovsic, Dragan"]
[Result "0-1"]
[WhiteElo "1914"]
[BlackElo "1925"]
[PlyCount "66"]
[EventDate "2019.02.01"]
[EventType "swiss"]
[EventRounds "9"]
[EventCountry "ESP"]
[SourceTitle "Ajedrez en Madrid"]
[Source "lmi"]
[SourceDate "2019.02.01"]
[SourceVersion "1"]
[SourceVersionDate "2019.02.26"]
[SourceQuality "1"]

1. e4 e5 2. Nf3 Qe7 3. Bc4 d6 4. O-O Be6 5. Bxe6 Qxe6 6. d4 Nf6 7. Nc3 c6 8.
Bg5 Be7 9. d5 Qd7 10. dxc6 bxc6 11. Qd3 O-O 12. Rad1 Rd8 13. Rfe1 Qb7 14. Nxe5
h6 15. Bxf6 dxe5 16. Qxd8+ Bxd8 17. Rxd8+ Kh7 18. Bxe5 Qxb2 19. Rb1 Qxc2 20. h3
f6 21. Bxb8 Qxc3 22. Be5 Qc2 23. Rbb8 Rxb8 24. Bxb8 Qb1+ 25. Kh2 Qxe4 26. Rd7
a6 27. Ba7 Qe5+ 28. g3 c5 29. Rb7 h5 30. h4 Qd4 31. Kg1 Qd1+ 32. Kh2 Qc2 33.
Kg1 c4 0-1

[Event "Madrid-ch 2018-2019 - Previa B"]
[Site "Madrid ESP"]
[Date "2019.02.16"]
[Round "7.4"]
[White "Baeza Escudero, Javier"]
[Black "Marin Aso, Jose Luis"]
[Result "0-1"]
[WhiteElo "1895"]
[BlackElo "1915"]
[PlyCount "60"]
[EventDate "2019.02.01"]
[EventType "swiss"]
[EventRounds "9"]
[EventCountry "ESP"]
[SourceTitle "Ajedrez en Madrid"]
[Source "lmi"]
[SourceDate "2019.02.01"]
[SourceVersion "1"]
[SourceVersionDate "2019.02.26"]
[SourceQuality "1"]

1. e4 c5 2. Nf3 e6 3. d4 cxd4 4. Nxd4 Nc6 5. Nc3 Qc7 6. Be3 a6 7. Qd2 Nf6 8.
O-O-O Be7 9. Kb1 b5 10. Nxc6 Qxc6 11. f3 Bb7 12. g4 b4 13. Ne2 d5 14. e5 Nd7
15. Bd4 Qc7 16. f4 O-O 17. Bg2 Rac8 18. Rhe1 a5 19. Nc1 Bc5 20. Nb3 Be7 21. f5
a4 22. Nc1 Bh4 23. f6 gxf6 24. exf6 e5 25. Bxe5 Nxe5 26. Qh6 Bxf6 27. Qxf6
Qxc2+ 28. Ka1 Ng6 29. Ne2 a3 30. Rc1 Qxe2 0-1

[Event "Madrid-ch 2018-2019 - Previa B"]
[Site "Madrid ESP"]
[Date "2019.02.16"]
[Round "7.5"]
[White "Garcia Serrano, Jose Manuel"]
[Black "Esteban Azpiroz, Jorge"]
[Result "1-0"]
[WhiteElo "1880"]
[BlackElo "1669"]
[PlyCount "85"]
[EventDate "2019.02.01"]
[EventType "swiss"]
[EventRounds "9"]
[EventCountry "ESP"]
[SourceTitle "Ajedrez en Madrid"]
[Source "lmi"]
[SourceDate "2019.02.01"]
[SourceVersion "1"]
[SourceVersionDate "2019.02.26"]
[SourceQuality "1"]

1. e4 e5 2. f4 Nc6 3. Nf3 d6 4. Bb5 exf4 5. d4 Bd7 6. Bxf4 Nf6 7. Nc3 Be7 8.
O-O O-O 9. Qd2 a6 10. Bc4 b5 11. Bd3 Bg4 12. d5 Nb8 13. Rae1 Nbd7 14. a3 Bxf3
15. Rxf3 Ne5 16. Rh3 Qc8 17. Rf1 Nxd3 18. cxd3 Nd7 19. d4 Bf6 20. Bg5 Qd8 21.
Bxf6 Nxf6 22. Qg5 Nd7 23. Qh5 h6 24. Rg3 Kh8 25. Rxf7 Nf6 26. Qg6 Rxf7 27. Qxf7
Qf8 28. Qg6 Re8 29. Rf3 Qe7 30. Rf4 Kg8 31. Rxf6 Qxf6 32. Qxe8+ Kh7 33. e5 Qf4
34. Qh5 Qxd4+ 35. Kf1 dxe5 36. Qf5+ Kh8 37. Qe4 Kg8 38. Qxd4 exd4 39. Ne2 d3
40. Nf4 d2 41. Ke2 g5 42. Ne6 Kf7 43. Nxc7 1-0

[Event "Madrid-ch 2018-2019 - Previa B"]
[Site "Madrid ESP"]
[Date "2019.02.16"]
[Round "7.6"]
[White "Garcia Pardo, Maria Del Carmen"]
[Black "Largo Barbero, Benito"]
[Result "1/2-1/2"]
[WhiteElo "1631"]
[BlackElo "1876"]
[PlyCount "81"]
[EventDate "2019.02.01"]
[EventType "swiss"]
[EventRounds "9"]
[EventCountry "ESP"]
[SourceTitle "Ajedrez en Madrid"]
[Source "lmi"]
[SourceDate "2019.02.01"]
[SourceVersion "1"]
[SourceVersionDate "2019.02.26"]
[SourceQuality "1"]

1. e4 e6 2. d4 d5 3. Nd2 h6 4. Ngf3 Nf6 5. e5 Nfd7 6. Bd3 c5 7. c3 Nc6 8. Bc2
g5 9. h3 Be7 10. Nf1 b6 11. Ng3 Ba6 12. Be3 Qc7 13. Bd3 Bxd3 14. Qxd3 cxd4 15.
cxd4 Nb4 16. Qd2 Nc2+ 17. Ke2 Qc4+ 18. Qd3 Qxd3+ 19. Kxd3 Nxa1 20. Rxa1 Rc8 21.
Ne2 O-O 22. h4 g4 23. Nh2 h5 24. Nf4 Kh7 25. Nxh5 Rg8 26. g3 f6 27. exf6 Nxf6
28. Bg5 Kg6 29. Nf4+ Kf7 30. Re1 Rc6 31. f3 Bb4 32. Re2 gxf3 33. Nxf3 Ng4 34.
a3 Bf8 35. h5 b5 36. Ng6 Bg7 37. Bf4 a5 38. Ng5+ Kf6 39. Nh7+ Kf7 40. Ng5+ Kf6
41. Nh7+ 1/2-1/2

[Event "Madrid-ch 2018-2019 - Previa B"]
[Site "Madrid ESP"]
[Date "2019.02.16"]
[Round "7.7"]
[White "Rosa Ramirez, Victor D"]
[Black "Alameda Arellano, Cristeto"]
[Result "1-0"]
[WhiteElo "1893"]
[BlackElo "1564"]
[PlyCount "51"]
[EventDate "2019.02.01"]
[EventType "swiss"]
[EventRounds "9"]
[EventCountry "ESP"]
[SourceTitle "Ajedrez en Madrid"]
[Source "lmi"]
[SourceDate "2019.02.01"]
[SourceVersion "1"]
[SourceVersionDate "2019.02.26"]
[SourceQuality "1"]

1. e4 c6 2. d4 d5 3. e5 c5 4. dxc5 e6 5. Nf3 Bxc5 6. Bd3 Ne7 7. Nc3 Nbc6 8. O-O
Ng6 9. Qe2 Qc7 10. Re1 a6 11. a3 Nd4 12. Nxd4 Bxd4 13. Bd2 Bxe5 14. g3 Bxc3 15.
Bxc3 f6 16. Qh5 Qf7 17. Qxd5 O-O 18. Qh5 e5 19. Rad1 Re8 20. Be4 Ra7 21. Rd6
Be6 22. Red1 f5 23. Rxe6 Rxe6 24. Rd8+ Nf8 25. Bd5 g6 26. Qh6 1-0

[Event "Madrid-ch 2018-2019 - Previa B"]
[Site "Madrid ESP"]
[Date "2019.02.16"]
[Round "7.8"]
[White "Moratalla Garcia, Joaquin"]
[Black "Moreno Uribarri, Miguel"]
[Result "1/2-1/2"]
[WhiteElo "1603"]
[BlackElo "1629"]
[PlyCount "76"]
[EventDate "2019.02.01"]
[EventType "swiss"]
[EventRounds "9"]
[EventCountry "ESP"]
[SourceTitle "Ajedrez en Madrid"]
[Source "lmi"]
[SourceDate "2019.02.01"]
[SourceVersion "1"]
[SourceVersionDate "2019.02.26"]
[SourceQuality "1"]

1. d4 Nf6 2. Nf3 g6 3. e3 Bg7 4. Bd3 O-O 5. O-O d6 6. b3 Nbd7 7. Bb2 e5 8. Nbd2
Re8 9. dxe5 dxe5 10. e4 b6 11. c4 Bb7 12. Qe2 Nc5 13. Bc2 Nfd7 14. Rad1 Ne6 15.
g3 Qe7 16. Nb1 Rad8 17. Ba3 c5 18. Nc3 Nd4 19. Nxd4 exd4 20. Nd5 Bxd5 21. cxd5
Nf6 22. f3 Nxd5 23. Qd3 Ne3 24. Rde1 Nxf1 25. Kxf1 Qd7 26. Kg2 Rc8 27. Bc1 b5
28. Rd1 c4 29. bxc4 bxc4 30. Qa3 Qe7 31. Qa6 Red8 32. Ba3 Qc7 33. Bb4 Qb6 34.
Qa3 Qb5 35. Be7 Rd7 36. Ba4 Qa6 37. Bxd7 Qxa3 38. Bxa3 Rc7 1/2-1/2

[Event "Madrid-ch 2018-2019 - Previa B"]
[Site "Madrid ESP"]
[Date "2019.02.16"]
[Round "7.10"]
[White "Perdiguero Herreros, Alejandro"]
[Black "Fariñas Lucas, Juan Antonio"]
[Result "1-0"]
[WhiteElo "1663"]
[BlackElo "1479"]
[PlyCount "37"]
[EventDate "2019.02.01"]
[EventType "swiss"]
[EventRounds "9"]
[EventCountry "ESP"]
[SourceTitle "Ajedrez en Madrid"]
[Source "lmi"]
[SourceDate "2019.02.01"]
[SourceVersion "1"]
[SourceVersionDate "2019.02.26"]
[SourceQuality "1"]

1. e4 c5 2. c3 d5 3. exd5 Qxd5 4. d4 cxd4 5. cxd4 Nc6 6. Nf3 g6 7. Nc3 Qd8 8.
Bf4 Bg7 9. Nb5 e5 10. dxe5 Nge7 11. Nd6+ Kf8 12. Bc4 Be6 13. Bxe6 fxe6 14. Ng5
Qd7 15. Ngf7 Rg8 16. g4 Nd8 17. Ng5 Nf5 18. Nxh7+ Ke7 19. Bg5+ 1-0

[Event "Madrid-ch 2018-2019 - Previa B"]
[Site "Madrid ESP"]
[Date "2019.02.22"]
[Round "8.1"]
[White "Vicente Sastre, Diego"]
[Black "Vukotic Jovsic, Dragan"]
[Result "1/2-1/2"]
[WhiteElo "1879"]
[BlackElo "1925"]
[PlyCount "49"]
[EventDate "2019.02.01"]
[EventType "swiss"]
[EventRounds "9"]
[EventCountry "ESP"]
[SourceTitle "Ajedrez en Madrid"]
[Source "lmi"]
[SourceDate "2019.02.01"]
[SourceVersion "1"]
[SourceVersionDate "2019.02.26"]
[SourceQuality "1"]

1. e4 c5 2. Nf3 d6 3. d3 Nc6 4. g3 e5 5. Bg2 Nf6 6. O-O Bg4 7. h3 Bh5 8. c3 Be7
9. Nbd2 O-O 10. Nc4 d5 11. exd5 b5 12. Ne3 Nxd5 13. g4 Nxe3 14. Bxe3 Bg6 15. d4
cxd4 16. cxd4 e4 17. Ne5 Nxe5 18. dxe5 Qc7 19. Bf4 Rfd8 20. Qe2 Qc4 21. Qxc4
bxc4 22. Rac1 Rac8 23. Rfe1 Rd4 24. Be3 Rd5 25. Bf4 1/2-1/2

[Event "Madrid-ch 2018-2019 - Previa B"]
[Site "Madrid ESP"]
[Date "2019.02.22"]
[Round "8.3"]
[White "Martin Arbeloa, Fernando"]
[Black "Berrocal Exposito, Fernando"]
[Result "1/2-1/2"]
[WhiteElo "1913"]
[BlackElo "1796"]
[PlyCount "54"]
[EventDate "2019.02.01"]
[EventType "swiss"]
[EventRounds "9"]
[EventCountry "ESP"]
[SourceTitle "Ajedrez en Madrid"]
[Source "lmi"]
[SourceDate "2019.02.01"]
[SourceVersion "1"]
[SourceVersionDate "2019.02.26"]
[SourceQuality "1"]

1. d4 g6 2. c4 Bg7 3. e4 d6 4. Nc3 Nc6 5. Be3 Nf6 6. Be2 e5 7. d5 Ne7 8. h3 O-O
9. Nf3 Nd7 10. g4 Nc5 11. g5 Nd7 12. Qd2 f6 13. gxf6 Nxf6 14. O-O-O Nh5 15. Ng5
Nf4 16. Bg4 h6 17. Bxf4 Rxf4 18. Be6+ Kf8 19. Bxc8 hxg5 20. Bg4 a6 21. Qe3 Ng8
22. Ne2 Rf7 23. Be6 Rf6 24. Qg3 b5 25. h4 gxh4 26. Rxh4 g5 27. Rh7 Rh6 1/2-1/2

[Event "Madrid-ch 2018-2019 - Previa B"]
[Site "Madrid ESP"]
[Date "2019.02.22"]
[Round "8.4"]
[White "Rojas Pozo, Jose Luis"]
[Black "Baeza Escudero, Javier"]
[Result "1-0"]
[WhiteElo "1969"]
[BlackElo "1895"]
[PlyCount "55"]
[EventDate "2019.02.01"]
[EventType "swiss"]
[EventRounds "9"]
[EventCountry "ESP"]
[SourceTitle "Ajedrez en Madrid"]
[Source "lmi"]
[SourceDate "2019.02.01"]
[SourceVersion "1"]
[SourceVersionDate "2019.02.26"]
[SourceQuality "1"]

1. d4 Nf6 2. c4 e6 3. Nf3 b6 4. g3 Ba6 5. Qa4 Be7 6. Bg2 Bb7 7. O-O O-O 8. Nc3
c5 9. Rd1 cxd4 10. Nxd4 Bxg2 11. Kxg2 d5 12. Bg5 Nbd7 13. Nc6 Nc5 14. Qc2 Qc7
15. Nxe7+ Qxe7 16. cxd5 Rac8 17. d6 Qb7+ 18. Kg1 Nfe4 19. Be7 Nxc3 20. Qxc3
Rfe8 21. Qd4 Nd7 22. Rac1 h6 23. Qd2 Rxc1 24. Rxc1 Rc8 25. Rc3 Rc5 26. b4 Rc6
27. Qc2 Nb8 28. b5 1-0

[Event "Madrid-ch 2018-2019 - Previa B"]
[Site "Madrid ESP"]
[Date "2019.02.22"]
[Round "8.5"]
[White "Largo Barbero, Benito"]
[Black "Garcia Serrano, Jose Manuel"]
[Result "1-0"]
[WhiteElo "1876"]
[BlackElo "1880"]
[PlyCount "119"]
[EventDate "2019.02.01"]
[EventType "swiss"]
[EventRounds "9"]
[EventCountry "ESP"]
[SourceTitle "Ajedrez en Madrid"]
[Source "lmi"]
[SourceDate "2019.02.01"]
[SourceVersion "1"]
[SourceVersionDate "2019.02.26"]
[SourceQuality "1"]

1. Nc3 e5 2. Nf3 Nc6 3. d4 exd4 4. Nxd4 Bb4 5. e3 Nf6 6. Bd2 O-O 7. Nxc6 bxc6
8. Bd3 d5 9. O-O Re8 10. h3 Be6 11. Ne2 Bd6 12. Nd4 Bd7 13. c4 Rb8 14. b3 Qc8
15. Bc3 a6 16. g4 Ne4 17. Bb2 c5 18. Ne2 Ng5 19. Nf4 Bxf4 20. exf4 Nxh3+ 21.
Kh2 Nxf4 22. cxd5 Bxg4 23. Qd2 Rb4 24. Rg1 h5 25. Bc4 Qf5 26. Rae1 Rxe1 27.
Qxe1 Rb8 28. Qc3 Qg5 29. Rg3 Qh4+ 30. Kg1 Ne2+ 31. Bxe2 f6 32. Bxg4 hxg4 33.
Qc4 Rb5 34. Qd3 c4 35. Qc3 a5 36. bxc4 Qh7 37. Qe3 Qb1+ 38. Kg2 Rxb2 39. Qe8+
Kh7 40. Rxg4 Rxf2+ 41. Kxf2 Qf5+ 42. Kg3 Qd3+ 43. Kg2 Qc2+ 44. Kh3 Qd3+ 45. Rg3
Qf1+ 46. Rg2 Qf3+ 47. Kh2 Qf4+ 48. Kg1 Qc1+ 49. Kf2 Qf4+ 50. Ke2 Qxc4+ 51. Kf3
Qf1+ 52. Rf2 Qh3+ 53. Ke2 Qg4+ 54. Ke1 Qg1+ 55. Rf1 Qg3+ 56. Kd2 Qg2+ 57. Qe2
Qxd5+ 58. Qd3+ Qxd3+ 59. Kxd3 g5 60. Rxf6 1-0

[Event "Madrid-ch 2018-2019 - Previa B"]
[Site "Madrid ESP"]
[Date "2019.02.22"]
[Round "8.7"]
[White "Esteban Azpiroz, Jorge"]
[Black "Moratalla Garcia, Joaquin"]
[Result "1-0"]
[WhiteElo "1669"]
[BlackElo "1603"]
[PlyCount "43"]
[EventDate "2019.02.01"]
[EventType "swiss"]
[EventRounds "9"]
[EventCountry "ESP"]
[SourceTitle "Ajedrez en Madrid"]
[Source "lmi"]
[SourceDate "2019.02.01"]
[SourceVersion "1"]
[SourceVersionDate "2019.02.26"]
[SourceQuality "1"]

1. e4 c5 2. Nf3 d6 3. c3 Nf6 4. d3 e6 5. Be2 Nc6 6. O-O Be7 7. Nbd2 Qc7 8. d4
cxd4 9. cxd4 a6 10. a3 O-O 11. b4 b5 12. Bb2 d5 13. Bd3 dxe4 14. Nxe4 Bb7 15.
Rc1 Nxe4 16. Bxe4 Qd7 17. Bxc6 Bxc6 18. Ne5 Qd5 19. Nxc6 Bg5 20. Rc5 Qd6 21.
Rxg5 Qxc6 22. d5 1-0

[Event "Madrid-ch 2018-2019 - Previa B"]
[Site "Madrid ESP"]
[Date "2019.02.22"]
[Round "8.8"]
[White "Moreno Uribarri, Miguel"]
[Black "Perdiguero Herreros, Alejandro"]
[Result "1-0"]
[WhiteElo "1629"]
[BlackElo "1663"]
[PlyCount "139"]
[EventDate "2019.02.01"]
[EventType "swiss"]
[EventRounds "9"]
[EventCountry "ESP"]
[SourceTitle "Ajedrez en Madrid"]
[Source "lmi"]
[SourceDate "2019.02.01"]
[SourceVersion "1"]
[SourceVersionDate "2019.02.26"]
[SourceQuality "1"]

1. e4 e5 2. Nf3 Nc6 3. d4 exd4 4. Nxd4 Bc5 5. Nb3 Bb6 6. Nc3 Nf6 7. Qe2 d6 8.
Bg5 h6 9. Bh4 Be6 10. O-O-O g5 11. Bg3 Bxb3 12. axb3 Qe7 13. h4 O-O-O 14. f3
Nd4 15. Qd2 d5 16. e5 Nh5 17. Bf2 Nc6 18. Bxb6 axb6 19. Nxd5 Qxe5 20. Bc4 gxh4
21. Rxh4 Nf6 22. Qf4 Nxd5 23. Qxe5 Nxe5 24. Rxd5 Nxc4 25. Rxd8+ Kxd8 26. bxc4
Kd7 27. Kd2 Rg8 28. g4 Rg6 29. Ke3 Kc6 30. Rh5 Rf6 31. f4 Re6+ 32. Kd4 Kd6 33.
b4 Rg6 34. Rd5+ Ke7 35. Re5+ Kd7 36. Rd5+ Kc8 37. Rf5 Kd8 38. Rxf7 Rxg4 39. Ke5
Rg2 40. Rh7 Re2+ 41. Kf6 Rxc2 42. Rxh6 Rxc4 43. f5 Ke8 44. Rh8+ Kd7 45. Ke5 Ke7
46. f6+ Kf7 47. Rh7+ Kf8 48. Ke6 Rc6+ 49. Kf5 Rc1 50. Ke6 Re1+ 51. Kd7 Rd1+ 52.
Ke6 Re1+ 53. Kd7 c5 54. bxc5 bxc5 55. Kd6 b6 56. Kc6 Re6+ 57. Kb5 Rxf6 58. Rb7
Ke8 59. Ra7 Kd8 60. Rb7 Rd6 61. Ra7 Rd7 62. Ra6 Rb7 63. Kc6 Rb8 64. Kb5 Ke7 65.
Ra7+ Kd6 66. Rh7 Kd5 67. Rh5+ Kd6 68. Rh6+ Kc7 69. Rh7+ Kc8 70. Kc6 1-0

[Event "Madrid-ch 2018-2019 - Previa B"]
[Site "Madrid ESP"]
[Date "2019.02.22"]
[Round "8.9"]
[White "De Fuenmayor Fernandez De La , Carlos Pablo"]
[Black "Martin Hernandez, Vicente"]
[Result "0-1"]
[WhiteElo "1325"]
[BlackElo "1892"]
[PlyCount "70"]
[EventDate "2019.02.01"]
[EventType "swiss"]
[EventRounds "9"]
[EventCountry "ESP"]
[SourceTitle "Ajedrez en Madrid"]
[Source "lmi"]
[SourceDate "2019.02.01"]
[SourceVersion "1"]
[SourceVersionDate "2019.02.26"]
[SourceQuality "1"]

1. e4 c5 2. Nc3 d6 3. f4 Nc6 4. Nf3 Nf6 5. Bc4 e6 6. O-O Be7 7. d3 O-O 8. a3 a6
9. Qe1 b5 10. Ba2 Bb7 11. Be3 Ng4 12. Rd1 Nxe3 13. Qxe3 Qc7 14. Ne2 Bf6 15. c3
Rad8 16. d4 cxd4 17. cxd4 Qb6 18. e5 dxe5 19. fxe5 Be7 20. Bb1 g6 21. h4 Kg7
22. g4 b4 23. h5 h6 24. hxg6 f6 25. Rf2 fxe5 26. Rh2 Rh8 27. Nxe5 Nxe5 28.
Qxe5+ Bf6 29. Qe3 e5 30. g5 hxg5 31. Rxh8 Rxh8 32. Qb3 Rh1+ 33. Kf2 Rh2+ 34.
Kg3 Rg2+ 35. Kh3 g4# 0-1

[Event "Madrid-ch 2018-2019 - Previa B"]
[Site "Madrid ESP"]
[Date "2019.02.22"]
[Round "8.10"]
[White "Alameda Arellano, Cristeto"]
[Black "Mosteiro Montoro, Alvaro"]
[Result "0-1"]
[WhiteElo "1564"]
[BlackElo "1500"]
[PlyCount "105"]
[EventDate "2019.02.01"]
[EventType "swiss"]
[EventRounds "9"]
[EventCountry "ESP"]
[SourceTitle "Ajedrez en Madrid"]
[Source "lmi"]
[SourceDate "2019.02.01"]
[SourceVersion "1"]
[SourceVersionDate "2019.02.26"]
[SourceQuality "1"]

1. d4 d5 2. Bf4 Nf6 3. e3 c5 4. c3 Nc6 5. Nd2 cxd4 6. exd4 a6 7. Ngf3 Bg4 8.
Bd3 h6 9. h3 Bh5 10. Qc2 e6 11. g4 Bxg4 12. hxg4 Nxg4 13. Ne5 Ngxe5 14. Bxe5
Nxe5 15. dxe5 b5 16. Nf3 Be7 17. Qd2 Qc7 18. Qe2 O-O 19. Bc2 b4 20. Qd3 f5 21.
exf6 Bxf6 22. Qh7+ Kf7 23. Qg6+ Ke7 24. Qd3 bxc3 25. b3 Qf4 26. Qe3 Qxe3+ 27.
fxe3 Kd6 28. O-O-O Kc5 29. Nd4 Kd6 30. Nf3 e5 31. Be4 Rad8 32. Rxd5+ Ke6 33.
Rhd1 Rxd5 34. Bxd5+ Kf5 35. e4+ Kf4 36. Rd3 g5 37. Rxc3 g4 38. Ne1 h5 39. Ng2+
Kg5 40. Ne3 h4 41. Nf5 Kf4 42. Kd2 g3 43. Ke2 Bg5 44. Rf3+ Kg4 45. Ne3+ Bxe3
46. Be6+ Kg5 47. Rxf8 Bf4 48. Kf3 a5 49. Ra8 Bd2 50. Rd8 Bc3 51. Bh3 Kf6 52.
Kg4 Be1 53. Kxh4 0-1

[Event "Madrid-ch 2018-2019 - Previa B"]
[Site "Madrid ESP"]
[Date "2019.02.22"]
[Round "8.13"]
[White "Fariñas Lucas, Juan Antonio"]
[Black "Martin Rodriguez, Jose Luis"]
[Result "0-1"]
[WhiteElo "1479"]
[BlackElo "1284"]
[PlyCount "106"]
[EventDate "2019.02.01"]
[EventType "swiss"]
[EventRounds "9"]
[EventCountry "ESP"]
[SourceTitle "Ajedrez en Madrid"]
[Source "lmi"]
[SourceDate "2019.02.01"]
[SourceVersion "1"]
[SourceVersionDate "2019.02.26"]
[SourceQuality "1"]

1. e4 e6 2. d4 d5 3. Nc3 Nf6 4. Bd3 c5 5. Nge2 c4 6. Bxc4 dxc4 7. Bg5 Be7 8.
Bxf6 Bxf6 9. d5 O-O 10. O-O Na6 11. Nd4 Nc7 12. f4 Bxd4+ 13. Qxd4 exd5 14. Nxd5
Nxd5 15. exd5 Qb6 16. Rad1 Bg4 17. Rd2 Rad8 18. h3 Qxd4+ 19. Rxd4 Bd7 20. Rfd1
Bb5 21. d6 Rd7 22. a4 Bc6 23. b3 cxb3 24. cxb3 Re8 25. Kf2 Re4 26. g4 Rxd4 27.
Rxd4 f6 28. f5 Kf7 29. Ke3 b6 30. h4 g6 31. Kf4 Bb7 32. g5 Ba6 33. Rd2 Bc8 34.
h5 gxf5 35. g6+ hxg6 36. hxg6+ Kxg6 37. Rc2 Rd8 38. Rc7 Be6 39. Rc6 Bxb3 40.
Rc7 Rxd6 41. Rxa7 Rd4+ 42. Ke3 Rxa4 43. Rb7 Re4+ 44. Kd3 Re6 45. Kc3 Bd5 46.
Rb8 Kg5 47. Kd4 Be4 48. Kc4 Kf4 49. Kb5 Ke3 50. Rf8 f4 51. Rg8 f3 52. Rg1 f2
53. Rg4 f1=Q+ 0-1

[Event "Madrid-ch 2018-2019 - Previa B"]
[Site "Madrid ESP"]
[Date "2019.02.23"]
[Round "9.1"]
[White "Marin Aso, Jose Luis"]
[Black "Vicente Sastre, Diego"]
[Result "1-0"]
[WhiteElo "1915"]
[BlackElo "1879"]
[PlyCount "55"]
[EventDate "2019.02.01"]
[EventType "swiss"]
[EventRounds "9"]
[EventCountry "ESP"]
[SourceTitle "Ajedrez en Madrid"]
[Source "lmi"]
[SourceDate "2019.02.01"]
[SourceVersion "1"]
[SourceVersionDate "2019.02.26"]
[SourceQuality "1"]

1. e4 c5 2. Nf3 e6 3. d4 cxd4 4. Nxd4 a6 5. Nc3 Qc7 6. Be2 Bb4 7. O-O Bxc3 8.
bxc3 Nf6 9. Qd3 d6 10. f4 Nbd7 11. e5 dxe5 12. fxe5 Qxe5 13. Ba3 Qc7 14. Rae1
Nf8 15. Bf3 Bd7 16. Nf5 O-O-O 17. Ne7+ Kb8 18. Bd6 Bb5 19. Bxc7+ Kxc7 20. Qe3
N8d7 21. Qf4+ e5 22. Rxe5 Nxe5 23. Qxe5+ Kb6 24. Qe3+ Kc7 25. Qc5+ Kb8 26. c4
Be8 27. Rb1 Rd7 28. Qc8+ 1-0

[Event "Madrid-ch 2018-2019 - Previa B"]
[Site "Madrid ESP"]
[Date "2019.02.23"]
[Round "9.3"]
[White "Vukotic Jovsic, Dragan"]
[Black "Berrocal Exposito, Fernando"]
[Result "1/2-1/2"]
[WhiteElo "1925"]
[BlackElo "1796"]
[PlyCount "64"]
[EventDate "2019.02.01"]
[EventType "swiss"]
[EventRounds "9"]
[EventCountry "ESP"]
[SourceTitle "Ajedrez en Madrid"]
[Source "lmi"]
[SourceDate "2019.02.01"]
[SourceVersion "1"]
[SourceVersionDate "2019.02.26"]
[SourceQuality "1"]

1. d4 Nf6 2. Bf4 g6 3. Nf3 Bg7 4. e3 d6 5. Be2 O-O 6. h3 Nc6 7. O-O e5 8. dxe5
Ne4 9. Nbd2 dxe5 10. Bh2 Nd6 11. c3 Be6 12. Qc2 f5 13. Rad1 Qe7 14. b4 a6 15.
a4 g5 16. b5 axb5 17. axb5 g4 18. bxc6 gxf3 19. Bxf3 e4 20. cxb7 Nxb7 21. Nxe4
fxe4 22. Bxe4 Nd6 23. Bxd6 cxd6 24. Bxa8 Rxa8 25. Qd3 Rd8 26. e4 Qf7 27. Qg3
Qc7 28. Rc1 Kh8 29. Rfd1 Be5 30. f4 Rg8 31. Qh4 Qg7 32. Rd2 Bxc3 1/2-1/2

[Event "Madrid-ch 2018-2019 - Previa B"]
[Site "Madrid ESP"]
[Date "2019.02.23"]
[Round "9.5"]
[White "Garcia Serrano, Jose Manuel"]
[Black "Garcia Pardo, Maria Del Carmen"]
[Result "1-0"]
[WhiteElo "1880"]
[BlackElo "1631"]
[PlyCount "105"]
[EventDate "2019.02.01"]
[EventType "swiss"]
[EventRounds "9"]
[EventCountry "ESP"]
[SourceTitle "Ajedrez en Madrid"]
[Source "lmi"]
[SourceDate "2019.02.01"]
[SourceVersion "1"]
[SourceVersionDate "2019.02.26"]
[SourceQuality "1"]

1. e4 e5 2. f4 exf4 3. Nf3 Ne7 4. d4 d5 5. e5 c5 6. c3 Ng6 7. h4 h5 8. Bd3 Qb6
9. Qc2 Be7 10. Bxg6 Qxg6 11. Qxg6 fxg6 12. Bxf4 O-O 13. Be3 b6 14. Na3 Bg4 15.
O-O Nc6 16. Nb5 a6 17. Nc7 Rad8 18. Ng5 Bxg5 19. hxg5 cxd4 20. cxd4 a5 21. a3
Ne7 22. Rac1 Nf5 23. Bf2 Ne7 24. Rfe1 Bf5 25. Nb5 Rc8 26. Nd6 Rxc1 27. Rxc1 Bg4
28. Rc7 Nc8 29. Bg3 Rd8 30. Rb7 a4 31. Nxc8 Rxc8 32. Rxb6 Rc1+ 33. Kh2 Rc4 34.
e6 Rxd4 35. Rb8+ Kh7 36. e7 Bd7 37. e8=Q Bxe8 38. Rxe8 Rd2 39. Be5 d4 40. Re7
Kg8 41. Rxg7+ Kf8 42. Rd7 d3 43. Bc3 Rd1 44. Kg3 Ke8 45. Rd4 Ke7 46. Re4+ Kd6
47. Re1 Rxe1 48. Bxe1 Ke5 49. Kf3 Kd4 50. Bc3+ Kd5 51. Ke3 Kc4 52. g3 Kc5 53.
Kxd3 1-0

[Event "Madrid-ch 2018-2019 - Previa B"]
[Site "Madrid ESP"]
[Date "2019.02.23"]
[Round "9.6"]
[White "Mosteiro Montoro, Alvaro"]
[Black "Moreno Uribarri, Miguel"]
[Result "0-1"]
[WhiteElo "1500"]
[BlackElo "1629"]
[PlyCount "88"]
[EventDate "2019.02.01"]
[EventType "swiss"]
[EventRounds "9"]
[EventCountry "ESP"]
[SourceTitle "Ajedrez en Madrid"]
[Source "lmi"]
[SourceDate "2019.02.01"]
[SourceVersion "1"]
[SourceVersionDate "2019.02.26"]
[SourceQuality "1"]

1. d4 Nf6 2. Nf3 g6 3. c4 Bg7 4. Nc3 d5 5. e3 O-O 6. Bd3 c5 7. O-O Nc6 8. cxd5
Nxd5 9. Nxd5 Qxd5 10. e4 Qd6 11. d5 Nd4 12. Nxd4 Bxd4 13. Bh6 Rd8 14. Qe2 e6
15. Bc4 Qe5 16. Rab1 exd5 17. exd5 Qxe2 18. Bxe2 Rxd5 19. Bf3 Rd8 20. b3 Bf5
21. Rbd1 Rd7 22. Rd2 Rad8 23. g4 Be6 24. Kg2 Bg7 25. Rxd7 Rxd7 26. Be3 Bd4 27.
Bh6 f6 28. Bf4 Kf7 29. Rd1 Bd5 30. Bxd5+ Rxd5 31. Kf3 Ke6 32. Re1+ Be5 33. Re2
Kd7 34. Bxe5 Rxe5 35. Rd2+ Kc7 36. Kg3 b5 37. h4 c4 38. bxc4 bxc4 39. Rc2 Rc5
40. Rc3 Kd6 41. f4 Kd5 42. Kf3 Kd4 43. Ra3 c3 44. Ke2 c2 0-1

[Event "Madrid-ch 2018-2019 - Previa B"]
[Site "Madrid ESP"]
[Date "2019.02.23"]
[Round "9.8"]
[White "Martin Rodriguez, Jose Luis"]
[Black "Perdiguero Herreros, Alejandro"]
[Result "1-0"]
[WhiteElo "1284"]
[BlackElo "1663"]
[PlyCount "43"]
[EventDate "2019.02.01"]
[EventType "swiss"]
[EventRounds "9"]
[EventCountry "ESP"]
[SourceTitle "Ajedrez en Madrid"]
[Source "lmi"]
[SourceDate "2019.02.01"]
[SourceVersion "1"]
[SourceVersionDate "2019.02.26"]
[SourceQuality "1"]

1. c4 c6 2. Nc3 d5 3. cxd5 cxd5 4. d4 Nf6 5. Nf3 e6 6. g3 Bb4 7. Bd2 Nc6 8. Bg2
Ne4 9. O-O Nxd2 10. Qxd2 O-O 11. a3 Ba5 12. Rac1 f5 13. Qf4 Bc7 14. Qd2 f4 15.
b4 Ne7 16. Ne5 fxg3 17. fxg3 Rxf1+ 18. Rxf1 Bxe5 19. dxe5 Qb6+ 20. Kh1 Ng6 21.
h4 Nxe5 22. Qf4 1-0